000 00574nam a2200217Ia 4500
003 OSt
005 20230408111618.0
008 210423s2014 xx 000 0 und d
020 _a978-93-82423-24-9
040 _cAL
041 _aeng
082 _a547
_223
_bPRAD
100 _aPRAJAPATHI (Tilak Ram)
_984885
245 _aDBS handbook of organic chemistry
260 _aNew Delhi
_bD B S Imprints
_c2014
300 _axx,732
_bHB
365 _b5995
_cINR
650 _aOrganic Chemistry
_984886
906 _achemistry ; DBS ; handbook ; organic
942 _2ddc
_cBK
999 _c169414
_d169414